000 00512nam a2200145 a 4500
008 120416s1979 ||||||||||||||||| || u
050 _aTK 6553 Kug
100 _aKugushev, A.M
245 1 0 _aPrinciples of radio electronics
246 _anonlinear electromagnetic processes
260 _aMoscow
_bMir
_c1979
300 _a342p. : ill.
350 _a0.00
995 _D0.00
_FCBU-MAIN LIBRARY (Kitwe)
_H1
_I4.85
_M1
_UAVAILABLE
_ZMain Library Open Access Collection
999 _c54641
_d54641